000 00971nam a2200289 a 4500
001 70783
003 BD-RjUL
005 20211209082035.0
008 170419s1976 nyua b 001 0 eng
020 _a0070448256
035 _a(BD-RjUL)70997
040 _aDLC
_cDLC
_dEQO
_dBD-RjUL
_beng
041 _aeng
082 _223
_a660.2842
_bMCU 1976
100 1 _aMcCabe, Warren L.
_q(Warren Lee),
_d1899-
_9209502
245 1 0 _aUnit operations of chemical engineering /
_cWarren L. McCabe and Julian C. Smith.
250 _a3d ed.
260 _aNew York :
_bMcGraw-Hill,
_cc1976.
300 _aviii, 1028 p. :
_bill. ;
_c25 cm.
490 1 _aMcGraw-Hill chemical engineering series
504 _aIncludes bibliographies and index.
650 0 _aChemical processes.
_9161701
650 0 _aChemical engineering
_9209503
700 1 _aSmith, Julian C.
_q(Julian Cleveland),
_d1919-
_9235027
830 0 _aMcGraw-Hill chemical engineering series
_9235028
942 _2ddc
_cBK
999 _c70783
_d70783